[Event "Otwarte Mistrzostwa Warszawy w szachach klasycznych - gr. A"]
[Site "Warszawa"]
[Date "1899-12-30"]
[Round "4.3"]
[White "Jarzebowski, Kacper"]
[Black "Celinski, Kamil"]
[Result "1-0"]
[WhiteTitle "k+"]
[BlackTitle "I++"]
[WhiteElo "2107"]
[BlackElo "1927"]

1. c4 Nf6 2. Nc3 e6 3. d4 Bb4 4. Qc2 O-O 5. Bg5 d5 6. e3 c6 7. Bd3 h6 8. Bh4 dxc4
9. Bxc4 b5 10. Bd3 Nbd7 11. Nge2 Bb7 12. O-O Rc8 13. a3 Be7 14. Rfd1 a6 15. Rac1
Qb6 16. b4 a5 17. Qb2 Qd8 18. Ne4 Nxe4 19. Bxe7 Qxe7 20. Bxe4 Nf6 21. Bf3 axb4
22. axb4 Nd5 23. Bxd5 cxd5 24. Rc5 Rxc5 25. bxc5 Bc6 26. Nf4 Ra8 27. Nd3 Qb7 28.
Nb4 Ra4 29. Ra1 Kh7 30. h4 Qa8 31. Rb1 g6 32. h5 Bd7 33. hxg6+ fxg6 34. Qc2 Bc6
35. Qe2 Bd7 36. Qf3 Qe8 37. Qg3 Ra8 38. Qd6 h5 39. Nd3 Bc6 40. Ne5 Ra6 41. Qc7+
Kh6 42. Nf7+ Kg7 43. Ng5+ Kh6 44. Qf4 e5 45. Nf7+ Kg7 46. Nxe5 Bd7 47. Qf3 Bf5
48. Rc1 b4 49. Qxd5 Ra8 50. Qb7+ Kg8 51. Qxb4 Be4 52. c6 Rc8 53. Qd6 Rd8 54. Qf6
Rc8 55. f3 Bxc6 56. Rxc6 1-0

[Event "Otwarte Mistrzostwa Warszawy w szachach klasycznych - gr. A"]
[Site "Warszawa"]
[Date "1899-12-30"]
[Round "4.4"]
[White "Dalkowski, Rafal"]
[Black "Gorniewicz, Oskar"]
[Result "1-0"]
[WhiteTitle "I"]
[BlackTitle "I"]
[WhiteElo "1806"]
[BlackElo "1931"]

1. d4 Nf6 2. c4 c5 3. d5 e5 4. Nc3 d6 5. e4 Nbd7 6. Be3 Be7 7. f3 Nf8 8. Bd3 Ng6
9. Qd2 O-O 10. O-O-O Nh5 11. g3 a6 12. Nge2 Bd7 13. Kb1 Qa5 14. g4 Nf6 15. h4
b5 16. Ng3 bxc4 17. Bxc4 Rfb8 18. g5 Ne8 19. Nf5 Bf8 20. Rdg1 Rb4 21. Nd1 Rab8
22. h5 Ne7 23. Nxe7+ Bxe7 24. g6 fxg6 25. hxg6 hxg6 26. Rxg6 Qc7 27. Qc3 Ba4 28.
Bc1 Bd8 29. f4 exf4 30. Qh3 Qd7 31. Qh7+ Kf8 32. Re6 Qf7 33. Be2 Nf6 34. Qh8+
Qg8 35. Qh2 Be7 36. Qxf4 Bd7 37. Rxd6 Bxd6 38. Qxd6+ Ke8 39. Nc3 Qf8 40. Qg3 R8b6
41. Bd3 Bb5 42. Bc2 Nd7 43. e5 Bc4 44. Qg5 Qe7 45. Bg6+ Rxg6 46. Qxg6+ Kd8 47.
Rh8+ Nf8 48. Bg5 Bd3+ 49. Qxd3 Qxg5 50. Rxf8+ Ke7 51. Rf2 Rd4 52. d6+ Ke8 53.
Qf1 1-0

[Event "Otwarte Mistrzostwa Warszawy w szachach klasycznych - gr. A"]
[Site "Warszawa"]
[Date "1899-12-30"]
[Round "4.6"]
[White "Rejniak, Zuzanna"]
[Black "Polak, Michal"]
[Result "1-0"]
[WhiteTitle "k"]
[BlackTitle "I+"]
[WhiteElo "1718"]
[BlackElo "1883"]

1. e4 c5 2. Nf3 g6 3. d4 cxd4 4. Nxd4 Bg7 5. Nc3 Nc6 6. Be3 Nf6 7. Bc4 O-O 8. O-O
Nxe4 9. Nxe4 d5 10. Nxc6 bxc6 11. Bd3 dxe4 12. Bxe4 Qc7 13. c3 Rb8 14. Qc2 f5
15. Bd3 e5 16. Bc4+ Kh8 17. Bc5 Rd8 18. Rad1 a5 19. Rxd8+ Qxd8 20. Rd1 Qg5 21.
Qd3 h5 22. Qd6 Qg4 23. Bb3 Rb7 24. f3 Qf4 25. Qd8+ Kh7 26. Qxc8 Rb5 27. Qxc6 Rb8
28. Qc7 Rh8 29. Rd7 Qc1+ 30. Bd1 Kh6 31. Qd6 Rc8 32. Qe7 Bf8 33. Qh7+ Kg5 34.
Bxf8 Qe3+ 35. Kf1 Rxf8 36. Qe7+ Rf6 37. Rd6 Kf4 38. g3+ 1-0

[Event "Otwarte Mistrzostwa Warszawy w szachach klasycznych - gr. A"]
[Site "Warszawa"]
[Date "1899-12-30"]
[Round "4.7"]
[White "Maciaga, Marcin"]
[Black "Wiktorowski, Janusz"]
[Result "1-0"]
[WhiteTitle "k+"]
[BlackTitle "I"]
[WhiteElo "2117"]
[BlackElo "1442"]

1. g3 d5 2. d4 e6 3. Nf3 c5 4. Bg2 Nc6 5. O-O Nf6 6. c4 dxc4 7. dxc5 Bxc5 8. Qxd8+
Nxd8 9. Nbd2 c3 10. bxc3 O-O 11. Nb3 Be7 12. c4 b6 13. Ne5 Bb7 14. Bb2 Rc8 15.
Rfd1 Bxg2 16. Kxg2 Nc6 17. Rac1 Nxe5 18. Bxe5 Rfd8 19. Rxd8+ Rxd8 20. Bxf6 Bxf6
21. c5 bxc5 22. Rxc5 Kf8 23. Rc7 Ra8 24. Kf3 a5 25. a4 Be7 26. Nd4 Ke8 27. e4
Bd6 28. Nb5 Bb4 29. Rc4 Kd7 30. Rc7+ Ke8 31. Nd4 Rd8 32. Rc4 h6 33. e5 Kd7 34.
Nc2 Rb8 35. Ke4 Rb7 36. f4 Rb6 37. g4 g5 38. f5 exf5+ 39. Kxf5 Be7 40. Rd4+ Kc6
41. Rc4+ Kd7 42. Ke4 Rb3 43. Ne3 Rb4 44. Kd5 Rxc4 45. Nxc4 Bb4 46. Nd6 Ke7 47.
Nf5+ Ke8 48. Nxh6 Be7 49. Nf5 Bb4 50. Nd6+ Bxd6 51. Kxd6 Kd8 52. e6 Ke8 53. e7
1-0

[Event "Otwarte Mistrzostwa Warszawy w szachach klasycznych - gr. A"]
[Site "Warszawa"]
[Date "1899-12-30"]
[Round "4.8"]
[White "Bartodziej, Bartosz"]
[Black "Rzeszowski, Dominik"]
[Result "1/2-1/2"]
[WhiteTitle "I"]
[BlackTitle "I++"]
[WhiteElo "1695"]
[BlackElo "1877"]

1. e4 e5 2. Nf3 Nc6 3. Bc4 Nf6 4. d3 d5 5. exd5 Nxd5 6. c3 Bc5 7. O-O O-O 8. Nbd2
Bg4 9. h3 Bh5 10. Ne4 Be7 11. Re1 Nb6 12. Bb3 Bd6 13. Bg5 Qc8 14. Ng3 Bg6 15.
Nh4 Nd7 16. Nxg6 hxg6 17. Ne4 Nc5 18. Nxc5 Bxc5 19. Be3 Bd6 20. d4 exd4 21. Bxd4
Nxd4 22. Qxd4 Qf5 23. Qd5 Qf4 24. g3 Qf5 25. Qxf5 gxf5 26. Re3 f4 27. Rf3 g5 28.
gxf4 Bxf4 29. h4 Kg7 30. hxg5 Bxg5 31. Kg2 f5 32. Rg3 Kf6 33. Kf3 Rad8 34. Rag1
Rfe8 35. Bc4 Re4 36. Rxg5 Rxc4 37. Rg6+ Ke5 38. Re1+ Re4 39. Rxe4+ fxe4+ 40. Ke2
Rd6 41. Rg5+ Kf4 42. Rb5 Rb6 43. Rxb6 axb6 44. c4 c6 45. b4 Kf5 46. Ke3 Ke5 47.
a3 Kf5 48. f3 exf3 49. Kxf3 b5 50. c5 Ke5 51. Ke3 Kf6 52. Kf4 Ke6 53. Ke4 1/2-1/2

[Event "Otwarte Mistrzostwa Warszawy w szachach klasycznych - gr. A"]
[Site "Warszawa"]
[Date "1899-12-30"]
[Round "5.1"]
[White "Malek, Jan"]
[Black "Chomczyk, Marek"]
[Result "1/2-1/2"]
[WhiteTitle "I++"]
[BlackTitle "k++"]
[WhiteElo "1883"]
[BlackElo "2215"]

1. e4 c5 2. c3 Nf6 3. e5 Nd5 4. Nf3 e6 5. d4 cxd4 6. cxd4 Nc6 7. Bc4 Nde7 8. Nc3
d5 9. exd6 Qxd6 10. O-O a6 1/2-1/2

[Event "Otwarte Mistrzostwa Warszawy w szachach klasycznych - gr. A"]
[Site "Warszawa"]
[Date "1899-12-30"]
[Round "5.2"]
[White "Dalkowski, Rafal"]
[Black "Jarzebowski, Kacper"]
[Result "1/2-1/2"]
[WhiteTitle "I"]
[BlackTitle "k+"]
[WhiteElo "1806"]
[BlackElo "2107"]

1. d4 Nf6 2. c4 e5 3. dxe5 Ng4 4. e3 Nxe5 5. f4 Nec6 6. Nc3 Bc5 7. Bd3 d6 8. Bd2
a5 9. Qf3 Qh4+ 10. g3 Qg4 11. Nd5 Qxf3 12. Nxf3 Na6 13. a3 Be6 14. Bc3 f6 15.
Kd2 O-O 16. Rhe1 Rfe8 17. Nd4 Bf7 18. g4 Ncb4 19. e4 c6 20. Ne3 Nxd3 21. Kxd3
Bb6 22. b4 axb4 23. axb4 Rad8 24. Ndf5 Nc7 25. g5 Ne6 26. gxf6 Nxf4+ 27. Kd2 g6
28. Ne7+ Kf8 29. h4 d5 30. exd5 cxd5 31. cxd5 Nxd5 32. N3xd5 Bxd5 33. Nxd5 Rxd5+
34. Kc2 Rc8 35. Rad1 Bd4 36. Re3 Bxc3 37. Rxd5 Bd4+ 38. Kd3 Bxe3 39. Kxe3 Kf7
40. Rd7+ Kxf6 41. Rxh7 b6 42. h5 Rc4 43. hxg6 Kxg6 44. Re7 Rxb4 45. Kd3 Kf6 46.
Re1 Rb5 47. Kc4 Rb2 48. Kc3 Rb5 49. Kc4 Rc5+ 50. Kb4 Re5 1/2-1/2

[Event "Otwarte Mistrzostwa Warszawy w szachach klasycznych - gr. A"]
[Site "Warszawa"]
[Date "1899-12-30"]
[Round "5.3"]
[White "Celinski, Kamil"]
[Black "Mulawa, Cyprian"]
[Result "0-1"]
[WhiteTitle "I++"]
[BlackTitle "I"]
[WhiteElo "1927"]
[BlackElo "1773"]

1. e4 c5 2. Nf3 Nc6 3. Bb5 g6 4. Bxc6 bxc6 5. d3 Bg7 6. O-O e5 7. Be3 d6 8. Nbd2
Ne7 9. Nc4 O-O 10. Qd2 f5 11. exf5 Nxf5 12. Bg5 Qc7 13. Ne3 Be6 14. Nxf5 gxf5
15. Bh6 Bd5 16. Bxg7 Qxg7 17. Qg5 Bxf3 18. Qxg7+ Kxg7 19. gxf3 Kf6 20. Rfe1 Kg5
21. Kf1 Rf6 22. Ke2 Rh6 23. Rg1+ Kf6 24. Rg2 Rg6 25. Rgg1 Rag8 26. Rh1 a5 27.
a4 Rb8 28. Ra2 Ke6 29. c3 Rb3 30. f4 e4 31. Ke3 d5 32. d4 cxd4+ 33. Kxd4 Kd6 34.
h3 c5+ 35. Ke3 d4+ 36. Kd2 Kd5 37. Rc1 Rg2 38. Kc2 Kc4 39. cxd4 Rxf2+ 40. Kb1+
Kxd4 41. Rd1+ Rd3 42. Rg1 e3 43. Ra1 Rdd2 44. Ka2 Rxb2+ 45. Ka3 Rbd2 46. Rad1
Rd3+ 47. Rxd3+ Kxd3 0-1

[Event "Otwarte Mistrzostwa Warszawy w szachach klasycznych - gr. A"]
[Site "Warszawa"]
[Date "1899-12-30"]
[Round "5.4"]
[White "Adamski, Jan"]
[Black "Rejniak, Zuzanna"]
[Result "1-0"]
[WhiteTitle "IM"]
[BlackTitle "k"]
[WhiteElo "2170"]
[BlackElo "1718"]

1. Nf3 f5 2. c4 Nf6 3. Nc3 g6 4. d3 d6 5. e4 Nc6 6. exf5 Bxf5 7. d4 e6 8. d5 exd5
9. cxd5 Qe7+ 10. Be3 Ne5 11. Nxe5 dxe5 12. Bb5+ Bd7 13. Bxd7+ Qxd7 14. Bg5 Bg7
15. Bxf6 Bxf6 16. Qb3 O-O-O 17. O-O Rhf8 18. Rad1 Be7 19. Ne4 Rf4 20. f3 h5 21.
Rd3 g5 22. Rfd1 g4 23. g3 Rxf3 24. Rxf3 gxf3 25. Qxf3 h4 26. Rd2 hxg3 27. hxg3
Rf8 28. Qh5 Qf5 29. Qxf5+ Rxf5 30. Rf2 Rxf2 31. Kxf2 Kd7 32. Kf3 c6 33. dxc6+
bxc6 34. Nd2 Kd6 35. Ke4 Ke6 36. Nc4 c5 37. g4 Bf6 38. b3 a6 39. a3 Bg7 40. g5
Bh8 41. a4 Bg7 42. Ne3 Bf8 43. Ng4 Bg7 44. Nf2 Bf8 45. Nd3 Be7 46. g6 Bd6 47.
g7 Kf7 48. Kd5 Be7 49. Nxe5+ Kxg7 50. Nc6 Bf8 51. Nb8 a5 52. Nc6 Kf7 53. Nxa5
Ke8 54. Kc6 Kd8 55. Kb7 Kd7 56. Nc4 1-0

[Event "Otwarte Mistrzostwa Warszawy w szachach klasycznych - gr. A"]
[Site "Warszawa"]
[Date "1899-12-30"]
[Round "5.6"]
[White "Gorniewicz, Oskar"]
[Black "Grodecki, Filip"]
[Result "0-1"]
[WhiteTitle "I"]
[BlackTitle "I"]
[WhiteElo "1931"]
[BlackElo "1801"]

1. d4 d5 2. c4 c6 3. e3 Nf6 4. Nf3 a6 5. Nbd2 Bf5 6. Be2 e6 7. O-O Nbd7 8. b3 Be7
9. Bb2 b5 10. Nh4 Bg6 11. Nxg6 hxg6 12. Bf3 bxc4 13. h3 cxb3 14. axb3 O-O 15.
Qc2 Qb6 16. Ba3 Bxa3 17. Rxa3 c5 18. Qb2 Rfc8 19. Rc1 cxd4 20. Rxc8+ Rxc8 21.
exd4 Ne8 22. Be2 Nb8 23. Nf3 Nd6 24. Ra1 Nb5 25. Bxb5 Qxb5 26. Ne5 Qb7 27. Qe2
Rc3 28. b4 Qxb4 29. Qg4 Rb3 30. Kh2 Qe7 31. Rc1 Nd7 32. Rc8+ Nf8 33. Qf4 Rb6 34.
Ra8 g5 35. Qg3 g6 36. f4 gxf4 37. Qxf4 Kg7 38. Kh1 g5 39. Qg3 f6 40. Nf3 Qd6 41.
Ra7+ Kh6 42. Qe1 Qb8 43. Qg3 Qd6 0-1

[Event "Otwarte Mistrzostwa Warszawy w szachach klasycznych - gr. A"]
[Site "Warszawa"]
[Date "1899-12-30"]
[Round "5.7"]
[White "Wiktorowski, Janusz"]
[Black "Bartodziej, Bartosz"]
[Result "0-1"]
[WhiteTitle "I"]
[BlackTitle "I"]
[WhiteElo "1442"]
[BlackElo "1695"]

1. e4 c5 2. Nf3 d6 3. d4 cxd4 4. Nxd4 Nf6 5. Nc3 a6 6. g3 g6 7. Bg2 Bg7 8. Be3
Bd7 9. O-O O-O 10. f3 Nc6 11. Nb3 Be6 12. Nd5 Ne5 13. Nb6 Nc4 14. Nxc4 Bxc4 15.
Re1 Rc8 16. c3 d5 17. e5 Nd7 18. f4 e6 19. Rc1 a5 20. a4 Re8 21. Bf1 Bf8 22. Nd2
Bxf1 23. Kxf1 Bc5 24. Qb3 Bxe3 25. Rxe3 Nc5 26. Qb5 d4 27. Re2 Qd5 28. Kf2 Red8
29. Kg1 b6 30. Qxb6 Nxa4 31. Qb3 dxc3 32. Qxa4 cxd2 33. Rd1 Rc1 34. Kf2 Rxd1 35.
Qxd1 Qd4+ 36. Kf3 Qxb2 37. Ke3 Qc3+ 38. Kf2 Qc1 39. Ke3 0-1

[Event "Otwarte Mistrzostwa Warszawy w szachach klasycznych - gr. A"]
[Site "Warszawa"]
[Date "1899-12-30"]
[Round "5.8"]
[White "Polak, Michal"]
[Black "Rzeszowski, Dominik"]
[Result "1/2-1/2"]
[WhiteTitle "I+"]
[BlackTitle "I++"]
[WhiteElo "1883"]
[BlackElo "1877"]

1. e4 e5 2. Nf3 Nf6 3. Nxe5 Nc6 4. Nxc6 dxc6 5. d3 Bc5 6. Be2 h5 7. c3 Bd6 8. Bg5
Qe7 9. f4 Bg4 10. e5 O-O-O 11. h3 Bxe5 12. hxg4 Bxf4 13. Bxf4 Nxg4 14. Kf1 g5
15. Bxg4+ hxg4 16. Rxh8 Rxh8 17. Qxg4+ f5 18. Qe2 Rh1+ 19. Kf2 Qxe2+ 20. Kxe2
gxf4 21. a4 Kd7 22. a5 a6 23. Kf2 Ke6 24. g3 fxg3+ 25. Kxg3 Rf1 26. Kg2 Rc1 27.
Ra4 Rxb1 28. Rb4 Ra1 29. Rxb7 Kd7 30. Rb4 Rxa5 31. Rf4 Rd5 32. Rf3 Ke6 33. Kg3
Re5 34. Kf2 Rb5 35. Re3+ Kf6 36. Re2 Re5 37. Rd2 f4 38. d4 Rh5 39. Rd1 Kf5 40.
Ra1 Ke4 41. Re1+ Kd3 42. Re6 c5 43. Rxa6 cxd4 44. cxd4 Rh2+ 45. Kf3 Rxb2 46. Rc6
Rb7 47. d5 Kd4 48. d6 cxd6 49. Rxd6+ Ke5 50. Rd8 Rb3+ 1/2-1/2

[Event "Otwarte Mistrzostwa Warszawy w szachach klasycznych - gr. A"]
[Site "Warszawa"]
[Date "1899-12-30"]
[Round "6.1"]
[White "Jarzebowski, Kacper"]
[Black "Malek, Jan"]
[Result "1-0"]
[WhiteTitle "k+"]
[BlackTitle "I++"]
[WhiteElo "2107"]
[BlackElo "1883"]

1. c4 e5 2. Nc3 Bb4 3. g3 Nf6 4. Bg2 Bxc3 5. bxc3 Nc6 6. d3 d6 7. e4 Qe7 8. Ne2
Be6 9. O-O Nd7 10. f4 Bg4 11. Be3 h5 12. h3 Bxe2 13. Qxe2 h4 14. g4 exf4 15. Bxf4
Nce5 16. d4 Ng6 17. Be3 Rc8 18. a4 c5 19. Rfb1 Rc7 20. Rb2 O-O 21. Qd3 Rfc8 22.
Rf1 cxd4 23. cxd4 Nb6 24. Rbf2 Qe8 25. e5 Nxc4 26. Bd5 Nxe3 27. Qxe3 dxe5 28.
Rxf7 Rxf7 29. Bxf7+ Qxf7 30. Rxf7 Kxf7 31. dxe5 Rc6 32. Qb3+ Re6 33. Qxb7+ Re7
34. Qd5+ Re6 35. Qd7+ Ne7 36. Qxa7 Rxe5 37. a5 Ke6 38. a6 Nd5 39. Qxg7 Nb4 40.
Qxe5+ 1-0

[Event "Otwarte Mistrzostwa Warszawy w szachach klasycznych - gr. A"]
[Site "Warszawa"]
[Date "1899-12-30"]
[Round "6.2"]
[White "Chomczyk, Marek"]
[Black "Dalkowski, Rafal"]
[Result "1/2-1/2"]
[WhiteTitle "k++"]
[BlackTitle "I"]
[WhiteElo "2215"]
[BlackElo "1806"]

1. e4 c5 2. Nf3 g6 3. d4 cxd4 4. Nxd4 Nc6 5. Nc3 Bg7 6. Be3 d6 7. Bc4 Nf6 8. f3
Bd7 9. Qd2 Rc8 10. Bb3 O-O 11. O-O-O Nxd4 12. Bxd4 b5 13. e5 dxe5 14. Bxe5 Bc6
15. Qxd8 Rfxd8 16. Rxd8+ Rxd8 17. Rd1 Bh6+ 18. Kb1 Rxd1+ 19. Nxd1 Nd5 20. Bxd5
Bxd5 21. b3 f6 22. Bd4 a6 23. Kb2 Bf4 24. h3 Kf7 25. Kc3 e5 26. Be3 Bg3 27. Bf2
Bf4 28. Be3 Bg3 29. Bf2 1/2-1/2

[Event "Otwarte Mistrzostwa Warszawy w szachach klasycznych - gr. A"]
[Site "Warszawa"]
[Date "1899-12-30"]
[Round "6.4"]
[White "Grodecki, Filip"]
[Black "Adamski, Jan"]
[Result "1/2-1/2"]
[WhiteTitle "I"]
[BlackTitle "IM"]
[WhiteElo "1801"]
[BlackElo "2170"]

1. d4 Nf6 2. Bf4 e6 3. e3 c5 4. c3 b6 5. Nf3 Be7 6. Nbd2 O-O 7. Bd3 Ba6 8. Qe2
Bxd3 9. Qxd3 Nc6 10. h3 Qc8 11. O-O d6 1/2-1/2

[Event "Otwarte Mistrzostwa Warszawy w szachach klasycznych - gr. A"]
[Site "Warszawa"]
[Date "1899-12-30"]
[Round "6.5"]
[White "Rejniak, Zuzanna"]
[Black "Bartodziej, Bartosz"]
[Result "1-0"]
[WhiteTitle "k"]
[BlackTitle "I"]
[WhiteElo "1718"]
[BlackElo "1695"]

1. e4 c5 2. Nf3 d6 3. d4 cxd4 4. Nxd4 Nf6 5. Nc3 a6 6. Be3 e5 7. Nb3 Be7 8. f3
Be6 9. Qd2 Nbd7 10. O-O-O b5 11. g4 Nb6 12. Qf2 Nc4 13. Bxc4 Bxc4 14. Na5 Be6
15. Nc6 Qc7 16. Nxe7 Qxe7 17. g5 Nh5 18. Nd5 Qb7 19. Rd3 Rd8 20. Rhd1 Bxd5 21.
Rxd5 O-O 22. Rxd6 Rxd6 23. Rxd6 g6 24. Qd2 Rc8 25. Rd8+ Kg7 26. Bc5 1-0

[Event "Otwarte Mistrzostwa Warszawy w szachach klasycznych - gr. A"]
[Site "Warszawa"]
[Date "1899-12-30"]
[Round "6.6"]
[White "Maciaga, Marcin"]
[Black "Gorniewicz, Oskar"]
[Result "1-0"]
[WhiteTitle "k+"]
[BlackTitle "I"]
[WhiteElo "2117"]
[BlackElo "1931"]

1. g3 e5 2. c4 g6 3. Bg2 Bg7 4. Nc3 Ne7 5. d3 O-O 6. h4 Nbc6 7. h5 gxh5 8. e4 h4
9. Qh5 Ng6 10. Nf3 Nd4 11. Nxh4 Nc2+ 12. Kd1 Nxa1 13. Nf5 Kh8 14. Qxh7# 1-0

[Event "Otwarte Mistrzostwa Warszawy w szachach klasycznych - gr. A"]
[Site "Warszawa"]
[Date "1899-12-30"]
[Round "6.7"]
[White "Rzeszowski, Dominik"]
[Black "Celinski, Kamil"]
[Result "0-1"]
[WhiteTitle "I++"]
[BlackTitle "I++"]
[WhiteElo "1877"]
[BlackElo "1927"]

1. e4 e5 2. Nc3 Nf6 3. f4 d5 4. fxe5 Nxe4 5. Qf3 Nxc3 6. bxc3 Be6 7. d4 Nd7 8.
Bd3 c5 9. Ne2 Qh4+ 10. g3 Qg4 11. Qf2 g5 12. h3 Qh5 13. Bf5 Bxf5 14. Qxf5 Be7
15. h4 Qg6 16. g4 cxd4 17. cxd4 gxh4 18. Nf4 Qxf5 19. gxf5 Nb6 20. f6 Bb4+ 21.
Bd2 Bxd2+ 22. Kxd2 Nc4+ 23. Ke2 O-O-O 24. Rag1 Rhe8 25. Rg7 Nd6 26. Nxd5 Nf5 27.
Ne7+ Rxe7 28. fxe7 Re8 29. Rxf7 Ng3+ 30. Kf3 Nxh1 31. e6 Kc7 32. Rxh7 Ng3 33.
c4 Kd6 34. Rxh4 Nf5 35. Re4 Nxe7 36. d5 b6 37. Ke3 Rh8 38. Kd3 Rh3+ 39. Re3 Rxe3+
40. Kxe3 b5 41. Kd4 bxc4 42. Kxc4 Nxd5 43. e7 Nxe7 44. Kb5 Nc6 45. a4 Nb8 46.
a5 Kd5 0-1

[Event "Otwarte Mistrzostwa Warszawy w szachach klasycznych - gr. A"]
[Site "Warszawa"]
[Date "1899-12-30"]
[Round "6.8"]
[White "Wiktorowski, Janusz"]
[Black "Polak, Michal"]
[Result "0-1"]
[WhiteTitle "I"]
[BlackTitle "I+"]
[WhiteElo "1442"]
[BlackElo "1883"]

1. e4 c5 2. Nf3 Nc6 3. d4 cxd4 4. Nxd4 Nf6 5. Nc3 e5 6. Nb3 Bb4 7. Bd3 O-O 8. O-O
Bxc3 9. bxc3 d5 10. exd5 Nxd5 11. c4 Ndb4 12. Qf3 f5 13. Qd1 e4 14. Be2 Qf6 15.
Ba3 f4 16. Re1 Rd8 17. Qc1 f3 18. gxf3 exf3 19. Bf1 Bf5 20. Bb2 Qh4 21. Qe3 Nxc2
22. Qxf3 Qg5+ 23. Kh1 Nxe1 24. Rxe1 Qg4 25. Bg2 Qxf3 26. Bxf3 Re8 27. Rg1 Re7
28. Bd5+ Kh8 29. Nd2 Nb4 30. Nf3 Nxd5 31. cxd5 Be4 32. Kg2 Rf7 0-1

[Event "Otwarte Mistrzostwa Warszawy w szachach klasycznych - gr. A"]
[Site "Warszawa"]
[Date "1899-12-30"]
[Round "7.1"]
[White "Mulawa, Cyprian"]
[Black "Jarzebowski, Kacper"]
[Result "0-1"]
[WhiteTitle "I"]
[BlackTitle "k+"]
[WhiteElo "1773"]
[BlackElo "2107"]

1. e4 e5 2. Nf3 Nc6 3. Bb5 f5 4. Nc3 fxe4 5. Nxe4 Nf6 6. Nxf6+ Qxf6 7. Qe2 Be7
8. Bxc6 dxc6 9. Nxe5 O-O 10. O-O Bd6 11. d4 c5 12. Be3 Be6 13. f4 Rae8 14. Rae1
b6 15. b3 a5 16. c4 cxd4 17. Bxd4 Qh4 18. Qe3 Bb4 19. Bc3 Bc5 20. Bd4 Bb4 21.
Bc3 Bxc3 22. g3 Bxe1 23. gxh4 Bxh4 24. Qe4 Be7 25. Rf3 Bc5+ 26. Kf1 Bd6 27. Kg2
h6 28. Rg3 Bf5 29. Qd4 Kh7 30. h4 Bc5 31. Qc3 Rd8 32. Nf3 Rf7 33. h5 Be4 34. Kh2
Re7 35. Ne5 Rd1 36. Rg2 Bd4 37. Qg3 Rb1 38. Kh3 Bf5+ 39. Kh2 Be4 40. Qg4 Rc1 41.
Qe2 Rxe5 42. fxe5 Bxe5+ 43. Kh3 Bf5+ 44. Rg4 Rh1+ 45. Kg2 Rh2+ 0-1

[Event "Otwarte Mistrzostwa Warszawy w szachach klasycznych - gr. A"]
[Site "Warszawa"]
[Date "1899-12-30"]
[Round "7.2"]
[White "Malek, Jan"]
[Black "Adamski, Jan"]
[Result "1/2-1/2"]
[WhiteTitle "I++"]
[BlackTitle "IM"]
[WhiteElo "1883"]
[BlackElo "2170"]

1. c4 Nf6 2. Nf3 e6 3. d4 b6 4. Bg5 Bb7 5. Nbd2 c5 6. d5 Be7 7. dxe6 dxe6 8. e3
Ne4 9. Bxe7 Qxe7 10. Nxe4 Bxe4 11. Bd3 Bxd3 12. Qxd3 Nc6 13. O-O-O Rc8 14. Rd2
O-O 15. Qd7 Rfe8 16. Rhd1 h6 17. h3 Kf8 18. Qd3 Kg8 19. Qc3 Red8 20. Ne5 Rxd2
21. Rxd2 Nxe5 22. Qxe5 Rd8 23. Rxd8+ 1/2-1/2

[Event "Otwarte Mistrzostwa Warszawy w szachach klasycznych - gr. A"]
[Site "Warszawa"]
[Date "1899-12-30"]
[Round "7.3"]
[White "Grodecki, Filip"]
[Black "Chomczyk, Marek"]
[Result "1-0"]
[WhiteTitle "I"]
[BlackTitle "k++"]
[WhiteElo "1801"]
[BlackElo "2215"]

1. d4 Nf6 2. Bf4 g6 3. e3 Bg7 4. Nf3 O-O 5. Be2 d6 6. h3 c5 7. c3 Qb6 8. Qb3 Be6
9. Qxb6 axb6 10. a3 Bd5 11. Nbd2 Bc6 12. O-O b5 13. Rfd1 b6 14. Bd3 Rd8 15. Bc2
Nbd7 16. e4 d5 17. e5 Ne8 18. e6 fxe6 19. Re1 Nf8 20. dxc5 bxc5 21. Nb3 b4 22.
axb4 Rxa1 23. Rxa1 cxb4 24. Nbd4 Bd7 25. cxb4 Nd6 26. Bd3 Rb8 27. b5 Rb7 28. Ra8
Nc4 29. b3 e5 30. bxc4 exd4 31. c5 Bxb5 32. Bxb5 Rxb5 33. c6 e5 34. c7 Rc5 35.
c8=Q Rxc8 36. Rxc8 exf4 37. Rd8 Kf7 38. Rxd5 Ke6 39. Rb5 Kd6 40. Kf1 Ne6 41. Ke2
Nc5 42. Ng5 d3+ 43. Kd2 f3 44. Nxf3 Kc6 45. Rb8 Kd5 46. Rg8 Bb2 47. Rb8 Bg7 48.
Ra8 Kc4 49. Rc8 Bh6+ 50. Kd1 Bf4 51. g3 Bd6 52. Ng5 Kd5 53. Rd8 Kc6 54. Rh8 Kd5
55. Rxh7 Kc4 56. Rh8 Na4 57. Rc8+ Kd4 58. Rd8 Nb2+ 59. Ke1 Nc4 60. Nf7 Kc3 61.
Nxd6 1-0

[Event "Otwarte Mistrzostwa Warszawy w szachach klasycznych - gr. A"]
[Site "Warszawa"]
[Date "1899-12-30"]
[Round "7.4"]
[White "Dalkowski, Rafal"]
[Black "Rejniak, Zuzanna"]
[Result "1/2-1/2"]
[WhiteTitle "I"]
[BlackTitle "k"]
[WhiteElo "1806"]
[BlackElo "1718"]

1. d4 Nf6 2. c4 g6 3. Nc3 d5 4. cxd5 Nxd5 5. e4 Nxc3 6. bxc3 Bg7 7. Bc4 c5 8. Ne2
Nc6 9. Be3 O-O 10. O-O Qa5 11. Rb1 a6 12. dxc5 Ne5 13. Bd5 e6 14. Bb3 1/2-1/2

[Event "Otwarte Mistrzostwa Warszawy w szachach klasycznych - gr. A"]
[Site "Warszawa"]
[Date "1899-12-30"]
[Round "7.5"]
[White "Celinski, Kamil"]
[Black "Maciaga, Marcin"]
[Result "1-0"]
[WhiteTitle "I++"]
[BlackTitle "k+"]
[WhiteElo "1927"]
[BlackElo "2117"]

1. e4 c5 2. Nf3 d6 3. Bb5+ Bd7 4. Bxd7+ Qxd7 5. c4 Nc6 6. d4 cxd4 7. Nxd4 Nf6 8.
f3 Nxd4 9. Qxd4 g6 10. Be3 Bg7 11. Nc3 O-O 12. Qd2 Rfc8 13. Qd3 Qc6 14. b3 a6
15. O-O b5 16. Nd5 Nxd5 17. cxd5 Qc2 18. Qxc2 Rxc2 19. Rac1 Rxa2 20. Rc7 Kf8 21.
Rfc1 Ra1 22. Rxa1 Bxa1 23. b4 Be5 24. h3 Bg3 25. Kf1 f6 26. Ke2 g5 27. Bb6 Be5
28. Kd3 Kf7 29. Ba5 h5 30. Ke3 Bg3 31. Rc6 h4 32. Rc7 Bh2 33. Kd3 Bf4 34. Bb6
Be5 35. Ba5 Bg3 36. Ke3 Bh2 37. Kd3 Bg1 38. Rc1 Bh2 39. Rc7 Rb8 40. Rc6 Be5 41.
Rc7 Bg3 42. Rc2 Rb7 43. Rc6 Ra7 44. Bb6 Rb7 45. Ba5 Ra7 46. Bb6 Rd7 47. Ba5 e6
48. dxe6+ Kxe6 49. Rxa6 Bf2 50. Ke2 Bd4 51. Bb6 Bc3 52. Ba5 Rb7 53. Rc6 Bd4 54.
Kd3 Bf2 55. Rc8 Ke5 56. Bc7 Ke6 57. Ba5 Bg1 58. Re8+ Re7 59. Rb8 Ke5 60. Bd8 Ra7
61. Rxb5+ Kf4 62. Ra5 Rb7 63. Bxf6 Rxb4 64. Rxg5 Rb3+ 65. Kc4 Rb6 66. Rg4+ 1-0

[Event "Otwarte Mistrzostwa Warszawy w szachach klasycznych - gr. A"]
[Site "Warszawa"]
[Date "1899-12-30"]
[Round "7.7"]
[White "Rzeszowski, Dominik"]
[Black "Wiktorowski, Janusz"]
[Result "1-0"]
[WhiteTitle "I++"]
[BlackTitle "I"]
[WhiteElo "1877"]
[BlackElo "1442"]

1. e4 e5 2. Nc3 Nc6 3. Bc4 Nf6 4. d3 Bb4 5. Nge2 d6 6. Bg5 Bg4 7. f3 Be6 8. Qd2
h6 9. Be3 Bxc4 10. dxc4 Qd7 11. a3 Bc5 12. Nd5 Bxe3 13. Qxe3 Ne7 14. Rd1 Nfxd5
15. cxd5 f5 16. exf5 Nxf5 17. Qe4 Rf8 18. f4 Qe7 19. O-O O-O-O 20. Nc3 exf4 21.
Rxf4 Qxe4 22. Rxe4 Rde8 23. Rf1 Kd7 24. Rxe8 Kxe8 25. Nb5 Ke7 26. Nxc7 Nd4 27.
Rxf8 Kxf8 28. c3 Nb3 29. Ne6+ Kg8 30. Kf2 b6 31. Ke3 g6 32. Nc7 Na5 33. Kd4 Nb7
34. b4 Kf7 35. Nb5 a6 36. Nc7 a5 37. Na8 b5 38. Nc7 axb4 39. cxb4 Nd8 40. Nxb5
Ke7 41. a4 1-0